000 01021nam a22003017a 4500
001 BR2013007048
003 BR-BrBNA
005 20230928104244.0
007 ta
008 230509b bl.||||| |||| 00| 0 por d
040 _aBR-BrBNA
_bpor
_cBiblioteca Nacional de Agricultura
041 _a(Por)
072 _aQ02
_b9410
090 _ 9410 BR2013007048
100 1 _aBastos, L.P.F. de
110 1 _aUniversidade Federal de Minas Gerais, Belo Horizonte, MG (Brasil). Escola de Veterinária
_0Tese (Mestre em Ciência Animal)
_910868
245 1 _aAvaliação da capaciedade de detecção de resíduos de antimicrobianos no leite por um método de inibição microbiana
260 3 _aBelo Horizonte, MG (Brasil):
_c2012.
300 _a43 p.
500 _a21 tables.; Bibliography p. 38-41; Summaries (Eng, Por)
650 _aLEITE
650 _aPRODUTO DE ORIGEM ANIMAL
650 _aTECNOLOGIA
650 _aMICRORGANISMO
650 _aLEGILAÇÃO
909 _a202309
_bLucia
_c55
_dLucia Elande
942 _cBK
999 _c78937
_d78937